[Event "Stuttgart-chB int"]
[Site "Ditzingen"]
[Date "2012.05.18"]
[Round "4"]
[White "Krebs, Thomas"]
[Black "Drapkin, Marc"]
[Result "1/2-1/2"]
[WhiteElo "1626"]
[BlackElo "1793"]
[PlyCount "46"]
[EventDate "2012.05.17"]
[EventType "swiss"]
[EventRounds "7"]
[EventCountry "GER"]
[SourceTitle "EXT 2018"]
[Source "ChessBase"]
[SourceDate "2017.10.13"]
[SourceVersion "1"]
[SourceVersionDate "2017.10.13"]
[SourceQuality "1"]

1. e4 e6 2. d4 d5 3. exd5 exd5 4. Bd3 Nc6 5. c3 Bd6 6. Nf3 Nge7 7. h3 0-0 8. 0-0 Ng6 9. Re1 Re8 10. Be3 Nf4 11. Bf1 Ng6 12. a4 Nce7 13. Bd3 Nf5 14. Bd2 c6 15. b4 Rxe1+ 16. Qxe1 Bd7 17. Na3 Qe8 18. Nc2 Nfh4 19. Nxh4 Nxh4 20. Qe3 Qxe3 21. Bxe3 Nf5 22. Bd2 Re8 23. Re1 Rxe1+ 1/2-1/2

[Event "Stuttgart-chB int"]
[Site "Gerlingen"]
[Date "2011.06.02"]
[Round "2"]
[White "Drapkin, Marc"]
[Black "Steinmassl, Guido"]
[Result "1-0"]
[WhiteElo "1820"]
[BlackElo "1615"]
[PlyCount "81"]
[EventDate "2011.06.02"]
[EventType "swiss"]
[EventRounds "7"]
[EventCountry "GER"]
[SourceTitle "EXT 2018"]
[Source "ChessBase"]
[SourceDate "2017.10.13"]
[SourceVersion "1"]
[SourceVersionDate "2017.10.13"]
[SourceQuality "1"]

1. e4 d5 2. exd5 Qxd5 3. Nc3 Qa5 4. d4 c6 5. Nf3 Bg4 6. Be2 e6 7. 0-0 Be7 8. Ne5 Bxe2 9. Qxe2 Nf6 10. Nc4 Qd8 11. Rd1 0-0 12. a3 Na6 13. Ne4 Nd5 14. Ne5 f6 15. Nxc6 bxc6 16. Qxa6 Qc7 17. c3 e5 18. dxe5 fxe5 19. Qc4 Rad8 20. Ng5 Rf6 21. Ne4 Rf7 22. Bg5 Qb6 23. Bxe7 Rxe7 24. Rab1 Rf8 25. Rf1 Ref7 26. Qc5 Qd8 27. Ng3 Qg5 28. Rbe1 h5 29. c4 Nf4 30. Rxe5 Qg6 31. Rg5 Qc2 32. Qe3 h4 33. Ne4 Rd8 34. Re5 Rd1 35. Re8+ Rf8 36. Rxf8+ Kh7 37. Nd2 Rxf1+ 38. Kxf1 Nd3 39. Qe4+ Kh6 40. Qxh4+ Kg6 41. Qg4+ 1-0

[Event "Stuttgart-chB int"]
[Site "Ditzingen"]
[Date "2010.05.14"]
[Round "4"]
[White "Helfrich, Leo"]
[Black "Drapkin, Marc"]
[Result "1-0"]
[WhiteElo "1701"]
[BlackElo "1830"]
[PlyCount "63"]
[EventDate "2010.05.13"]
[EventType "swiss"]
[EventRounds "7"]
[EventCountry "GER"]
[SourceTitle "EXT 2018"]
[Source "ChessBase"]
[SourceDate "2017.10.13"]
[SourceVersion "1"]
[SourceVersionDate "2017.10.13"]
[SourceQuality "1"]

1. d4 Nf6 2. c4 Nc6 3. Nc3 e6 4. a3 g6 5. e4 Bg7 6. e5 Ng8 7. f4 d6 8. Nf3 Nge7 9. d5 exd5 10. cxd5 Nb8 11. Bc4 0-0 12. 0-0 Nd7 13. exd6 cxd6 14. Be3 Qc7 15. Ba2 Bxc3 16. Rc1 Qa5 17. Rxc3 Nf5 18. Bf2 Qd8 19. g4 Ng7 20. h3 b6 21. Bh4 f6 22. Nd4 Nc5 23. Re1 Bd7 24. Nc6 Bxc6 25. dxc6+ Kh8 26. b4 Na6 27. Rce3 Nc7 28. Re7 Nce8 29. Bd5 Nc7 30. Rd7 Qc8 31. Ree7 Nce8 32. c7 1-0

[Event "Stuttgart-chB int"]
[Site "Ditzingen"]
[Date "2008.05.03"]
[Round "6"]
[White "Drapkin, Marc"]
[Black "Matic, Marijo"]
[Result "1/2-1/2"]
[WhiteElo "1814"]
[BlackElo "1462"]
[PlyCount "94"]
[EventDate "2008.05.01"]
[EventType "swiss"]
[EventRounds "7"]
[EventCountry "GER"]
[SourceTitle "EXT 2018"]
[Source "ChessBase"]
[SourceDate "2017.10.13"]
[SourceVersion "1"]
[SourceVersionDate "2017.10.13"]
[SourceQuality "1"]

1. e4 e5 2. Bc4 Nc6 3. a3 Nf6 4. d3 Be7 5. Nf3 0-0 6. 0-0 d6 7. h3 h6 8. b4 a6 9. Bb2 b5 10. Ba2 Nb8 11. Nc3 c6 12. Qe2 Nbd7 13. Nh2 Re8 14. Qf3 Nf8 15. Ne2 Be6 16. c4 Rc8 17. Rac1 Qd7 18. Ng3 Ng6 19. Qd1 Nf4 20. Ne2 N6h5 21. Nxf4 Nxf4 22. Qf3 Bg5 23. Rc2 h5 24. Bc1 g6 25. Bxf4 Bxf4 26. Rd1 Qe7 27. g3 Bh6 28. g4 Qg5 29. Qg2 Kh7 30. Nf3 Qf4 31. Nh2 f5 32. f3 h4 33. Qf2 Qe3 34. Kg2 Qxf2+ 35. Kxf2 f4 36. Nf1 g5 37. Nd2 Bg7 38. Nb3 Bf8 39. Rdc1 Kg7 40. Na5 Be7 41. Bb1 Bd7 42. Nb7 Rc7 43. cxb5 axb5 44. Na5 Rec8 45. Ba2 c5 46. Bd5 Rb8 47. Nb3 Rbc8 1/2-1/2

[Event "Stuttgart-chB int"]
[Site "Ditzingen"]
[Date "2008.05.01"]
[Round "3"]
[White "Drapkin, Marc"]
[Black "Schnorr, Christian"]
[Result "0-1"]
[WhiteElo "1814"]
[BlackElo "1585"]
[PlyCount "90"]
[EventDate "2008.05.01"]
[EventType "swiss"]
[EventRounds "7"]
[EventCountry "GER"]
[SourceTitle "EXT 2018"]
[Source "ChessBase"]
[SourceDate "2017.10.13"]
[SourceVersion "1"]
[SourceVersionDate "2017.10.13"]
[SourceQuality "1"]

1. e4 c5 2. Nf3 e6 3. d4 cxd4 4. Nxd4 Nf6 5. Nc3 d6 6. Bg5 Be7 7. Be2 Nxe4 8. Bxe7 Nxc3 9. bxc3 Qxe7 10. 0-0 d5 11. Re1 Qc5 12. Qd3 Nc6 13. Bf3 Bd7 14. Nb3 Qd6 15. Bxd5 Ne5 16. Qd4 Qxd5 17. Qxd5 exd5 18. Rxe5+ Be6 19. Nc5 Rc8 20. Nxe6 fxe6 21. Rxe6+ Kf7 22. Re3 Rc7 23. Rd1 Rd8 24. g3 d4 25. cxd4 Rxc2 26. d5 Rxa2 27. d6 Rd7 28. Rd4 g6 29. Rf4+ Kg7 30. Rd4 Ra6 31. Red3 Rc6 32. h4 a5 33. Kf1 Ra6 34. Ke2 a4 35. Ra3 b5 36. Rb4 Ra5 37. Rd4 Kf7 38. g4 Kf6 39. f4 Kf7 40. Ke3 Ke6 41. Rad3 a3 42. Re4+ Kf7 43. f5 a2 44. fxg6+ hxg6 45. h5 a1Q 0-1

[Event "Stuttgart-chB int"]
[Site "Gerlingen"]
[Date "2007.05.19"]
[Round "5"]
[White "Dietermann, Frank"]
[Black "Drapkin, Marc"]
[Result "1-0"]
[WhiteElo "1487"]
[BlackElo "1814"]
[PlyCount "93"]
[EventDate "2007.05.17"]
[EventType "swiss"]
[EventRounds "7"]
[EventCountry "GER"]
[SourceTitle "EXT 2018"]
[Source "ChessBase"]
[SourceDate "2017.10.13"]
[SourceVersion "1"]
[SourceVersionDate "2017.10.13"]
[SourceQuality "1"]

1. c4 Nf6 2. g3 e6 3. Bg2 c6 4. d4 Be7 5. Nh3 d5 6. c5 0-0 7. 0-0 b5 8. Qc2 a5 9. Bf4 Nh5 10. Nd2 Nxf4 11. Nxf4 Bg5 12. e3 Nd7 13. Nf3 Bh6 14. Nd3 f6 15. h4 b4 16. Bh3 Re8 17. Nh2 g6 18. Ng4 Bg7 19. f4 f5 20. Nge5 Nxe5 21. fxe5 g5 22. hxg5 Qxg5 23. Rf3 Ba6 24. Nf4 a4 25. Qg2 Bc8 26. g4 Ra7 27. Rg3 Kh8 28. gxf5 Qh4 29. f6 Bxf6 30. exf6 Qxf6 31. Rf1 Qh6 32. Rff3 Rg7 33. Rxg7 Qxg7 34. Qxg7+ Kxg7 35. Kg2 e5 36. Bxc8 exf4 37. Bd7 Re7 38. Bxc6 fxe3 39. Kf1 Re4 40. Bxa4 Rxd4 41. Rxe3 h5 42. a3 Kf6 43. axb4 Rxb4 44. b3 Kf5 45. c6 Rb8 46. c7 Rc8 47. Bd7+ 1-0

[Event "Stuttgart-chB int"]
[Site "Gerlingen"]
[Date "2007.05.19"]
[Round "6"]
[White "Drapkin, Marc"]
[Black "Hirneise, Lothar"]
[Result "1-0"]
[WhiteElo "1814"]
[BlackElo "1436"]
[PlyCount "113"]
[EventDate "2007.05.17"]
[EventType "swiss"]
[EventRounds "7"]
[EventCountry "GER"]
[SourceTitle "EXT 2018"]
[Source "ChessBase"]
[SourceDate "2017.10.13"]
[SourceVersion "1"]
[SourceVersionDate "2017.10.13"]
[SourceQuality "1"]

1. e4 d5 2. exd5 Nf6 3. Nc3 Nxd5 4. Nxd5 Qxd5 5. d4 Nc6 6. c3 h6 7. Nf3 Bg4 8. Be2 0-0-0 9. c4 Qf5 10. d5 e6 11. h3 Bxf3 12. Bxf3 Ne7 13. 0-0 Kb8 14. Qb3 exd5 15. Be3 c6 16. Rfd1 g5 17. Bg4 Qg6 18. Qa4 b6 19. Qb3 Bg7 20. Bxb6 axb6 21. Qxb6+ Ka8 22. Qa5+ Kb7 23. Qb4+ Ka8 24. Qxe7 h5 25. Be2 g4 26. Qa3+ Kb8 27. cxd5 gxh3 28. Qb3+ Kc7 29. Qxh3 Rxd5 30. Rxd5 cxd5 31. Rc1+ Kd6 32. Qa3+ Ke5 33. Bf3 Qg5 34. Re1+ Kf5 35. Bxd5 Kg6 36. Qd6+ Bf6 37. Be4+ Kg7 38. b4 Rd8 39. Qc5 Qd2 40. Rf1 Re8 41. Bf3 Re1 42. Qc4 Rxf1+ 43. Qxf1 Bd4 44. b5 Qxa2 45. Bxh5 Qb2 46. Qe2 Qxe2 47. Bxe2 Bc5 48. Kf1 Bd4 49. f3 Kf6 50. Bd3 Ke5 51. g4 f6 52. Ke2 Kf4 53. Be4 Ke5 54. Kd3 Bb6 55. Kc4 Ba7 56. Bc6 Bd4 57. f4+ 1-0

[Event "Stuttgart-chB int"]
[Site "Ditzingen"]
[Date "2006.05.28"]
[Round "7"]
[White "Drapkin, Marc"]
[Black "Xu, Xianliang"]
[Result "1-0"]
[WhiteElo "1713"]
[BlackElo "1542"]
[PlyCount "121"]
[EventDate "2006.05.25"]
[EventType "swiss"]
[EventRounds "7"]
[EventCountry "GER"]
[SourceTitle "EXT 2018"]
[Source "ChessBase"]
[SourceDate "2017.10.13"]
[SourceVersion "1"]
[SourceVersionDate "2017.10.13"]
[SourceQuality "1"]

1. e4 d5 2. exd5 Qxd5 3. Nc3 Qa5 4. d4 c6 5. Bc4 Bf5 6. Qf3 Nf6 7. Bb3 e6 8. Nge2 Bd6 9. Bd2 Qc7 10. h3 Nbd7 11. Ng3 Bg6 12. h4 Bxg3 13. fxg3 Bh5 14. Qf4 Qxf4 15. Bxf4 Ke7 16. 0-0 Nd5 17. Nxd5+ cxd5 18. Rae1 Nb6 19. Re5 Bg6 20. Re3 Rac8 21. c3 h6 22. g4 Be4 23. g3 Nc4 24. Bxc4 Rxc4 25. b3 Rcc8 26. c4 Rhd8 27. g5 h5 28. Be5 Rg8 29. c5 g6 30. b4 b5 31. Ra3 Ra8 32. Ra6 Bd3 33. Rf3 Bc4 34. Rfa3 Rgc8 35. Rxa7+ Rxa7 36. Rxa7+ Kf8 37. a3 Bb3 38. Kf2 Bd1 39. Ke1 Bb3 40. Kd2 Ke8 41. Kc3 Bd1 42. Bd6 Bg4 43. Re7+ Kd8 44. Rxf7 Bf5 45. Rb7 Ra8 46. Kb2 Bd3 47. c6 e5 48. c7+ Ke8 49. Rb8+ Rxb8 50. cxb8Q+ Kd7 51. Qc7+ Ke6 52. dxe5 Kf5 53. Qd7+ Ke4 54. e6 d4 55. e7 Bc4 56. e8R+ Kf3 57. Qc6+ Kg4 58. Qe4+ Kh3 59. Qh1+ Kg4 60. Re4+ Kf5 61. Qf3# 1-0

[Event "Stuttgart-chB int"]
[Site "Ditzingen"]
[Date "2006.05.25"]
[Round "2"]
[White "Drapkin, Marc"]
[Black "Grossberger, Thomas"]
[Result "1/2-1/2"]
[WhiteElo "1713"]
[BlackElo "1543"]
[PlyCount "109"]
[EventDate "2006.05.25"]
[EventType "swiss"]
[EventRounds "7"]
[EventCountry "GER"]
[SourceTitle "EXT 2018"]
[Source "ChessBase"]
[SourceDate "2017.10.13"]
[SourceVersion "1"]
[SourceVersionDate "2017.10.13"]
[SourceQuality "1"]

1. e4 Nf6 2. Nc3 d5 3. e5 d4 4. exf6 dxc3 5. bxc3 exf6 6. Nf3 Nc6 7. Be2 Bd6 8. 0-0 0-0 9. Re1 b6 10. Bb5 Bb7 11. d4 a6 12. Bd3 Qd7 13. Nh4 Ne7 14. Rb1 g6 15. c4 Rab8 16. d5 Qa4 17. c3 Qxa2 18. Be3 Nxd5 19. cxd5 Qxd5 20. Nf3 Qh5 21. h3 Bxf3 22. Qxf3 Qxf3 23. gxf3 a5 24. Bb5 g5 25. Red1 Rbd8 26. Kg2 Be5 27. c4 Rxd1 28. Rxd1 Bd6 29. Bxb6 Ra8 30. Bd4 Be5 31. Bxe5 fxe5 32. Rd7 c5 33. Rd5 a4 34. Rxe5 a3 35. Re1 Kg7 36. Ra1 Kf6 37. Kg3 h5 38. h4 Kg6 39. hxg5 Kxg5 40. f4+ Kg6 41. Bc6 Ra7 42. Be4+ f5 43. Bb1 Rb7 44. Rxa3 Rxb1 45. Ra5 Rg1+ 46. Kh2 Rg4 47. Rxc5 Rxf4 48. Rc6+ Kg5 49. Kg2 h4 50. Rc8 Kg4 51. Rg8+ Kh5 52. c5 Rc4 53. Rc8 Kg4 54. Rg8+ Kf4 55. Rc8 1/2-1/2

[Event "Stuttgart-chB int"]
[Site "Ditzingen"]
[Date "2005.05.05"]
[Round "1"]
[White "Drapkin, Marc"]
[Black "Tessmer, Hans Peter"]
[Result "1/2-1/2"]
[WhiteElo "1677"]
[BlackElo "1321"]
[PlyCount "72"]
[EventDate "2005.05.05"]
[EventType "swiss"]
[EventRounds "7"]
[EventCountry "GER"]
[SourceTitle "EXT 2018"]
[Source "ChessBase"]
[SourceDate "2017.10.13"]
[SourceVersion "1"]
[SourceVersionDate "2017.10.13"]
[SourceQuality "1"]

1. e4 e5 2. Nf3 Nc6 3. Bc4 d6 4. c3 Bg4 5. d4 exd4 6. cxd4 Nf6 7. Qb3 Qd7 8. Ng5 d5 9. Bb5 h6 10. Nf3 Nxe4 11. Ne5 Qe6 12. 0-0 Nf6 13. Bd2 Be7 14. Re1 Qd6 15. Ba4 0-0 16. Nxc6 bxc6 17. Qc2 c5 18. Nc3 a6 19. Rac1 cxd4 20. Ne2 c5 21. Bf4 Qd8 22. Ng3 Bd6 23. Qd2 Bxf4 24. Qxf4 Rc8 25. h3 Bd7 26. Bxd7 Qxd7 27. Nf5 Rfe8 28. Nxh6+ gxh6 29. Qxf6 Re6 30. Qf4 Rxe1+ 31. Rxe1 Rc6 32. Qb8+ Rc8 33. Qf4 Rc6 34. Qb8+ Rc8 35. Qf4 Rc6 36. Qb8+ Rc8 1/2-1/2

[Event "Stuttgart-chB"]
[Site "Stuttgart"]
[Date "2004.??.??"]
[Round "?"]
[White "Drapkin, Marc"]
[Black "Radicevic, Aleksandra"]
[Result "1-0"]
[WhiteElo "1710"]
[BlackElo "2005"]
[PlyCount "51"]
[EventDate "2004.05.20"]
[EventType "swiss"]
[EventRounds "7"]
[EventCountry "GER"]
[SourceTitle "EXT 2007"]
[Source "ChessBase"]
[SourceDate "2006.11.23"]
[SourceVersion "1"]
[SourceVersionDate "2006.11.23"]
[SourceQuality "1"]

1. e4 c6 2. d4 d5 3. Nd2 dxe4 4. Nxe4 Bf5 5. Ng3 Bg6 6. Nf3 e6 7. h4 h6 8. c3 Nd7 9. Bd3 Bxd3 10. Qxd3 Ngf6 11. Bd2 Qc7 12. c4 Bd6 13. Ne4 Nxe4 14. Qxe4 Nf6 15. Qd3 0-0-0 16. Be3 Bb4+ 17. Kf1 Bd6 18. a3 Bf4 19. Rd1 Rhe8 20. b4 Bxe3 21. Qxe3 e5 22. d5 e4 23. Nd4 cxd5 24. c5 Kb8 25. Nb5 Qd7 26. Qg3+ 1-0